000 00626cam a22002052 4500
001 0000021483
005 20151217145938.0
008 120613s xx 000 0 eng d
020 _a0199582150 :
040 _aKABU
_cKABU
100 1 _aHoneyball, Simon.
_@0000182382
245 1 0 _aHoneyball & Bowers' textbook on employment law /
_cSimon Honeyball.
250 _a11th ed.
260 _aOxford :
_bO. U. P.,
_c2010.
300 _alxiv, 479 p.
650 0 _aLabor law and legislation
_zGreat Britain.
_@0000160356
852 1 _9p4690 KES
908 _a120613
950 _@1
999 _c4333
_d4333